000
00236 a2200097 4500
001
10796
100
_a
Jamil-ud-Din Ahmad
245
_a
Middle Phase of Muslim Politicul Movement
260
_a
_b
Publisher United
_c
090
_c
8382
_d
8382
942
_a
NUST-CAE
_c
M
_c
35136
999
_c
245869
_d
245869